| 000 | 00399nam a2200157Ia 4500 | ||
|---|---|---|---|
| 008 | 221030s9999 xx 000 0 und d | ||
| 041 | _aEnglish | ||
| 082 |
_a105.23 _bWor |
||
| 100 | _aB. L. Worshnop | ||
| 245 | 0 |
_aAdvanced Practical Physics _cby B. L. Worshnop, H. T. Flint |
|
| 260 |
_bKhosla Pub _aNew Delhi _c1998 |
||
| 300 | _a754 | ||
| 650 | _aPhysics | ||
| 700 | _aH. T. Flint | ||
| 942 | _cBK | ||
| 999 |
_c7005 _d7005 |
||